Maisie Peters - Birthday - Statistics

General Stats
  • This quiz has been taken 9 times
  • The average score is 239 of 255
Answer Stats
Answer % Correct
A
100%
a
100%
again,
100%
all
100%
All
100%
alone
100%
And
100%
and
100%
anything
100%
are
100%
asked
100%
birthday
100%
burned
100%
call,
100%
candles
100%
care
100%
course
100%
do
100%
don't
100%
for
100%
hand
100%
happy
100%
hate
100%
her
100%
here
100%
how
100%
I
100%
I'm
100%
in
100%
it
100%
It's
100%
it's
100%
just
100%
known
100%
long
100%
more
100%
my
100%
never
100%
not
100%
of
100%
one
100%
or
100%
Or
100%
out
100%
phone
100%
realise
100%
remember
100%
remember,
100%
should've
100%
show
100%
spent
100%
still
100%
than
100%
than,
100%
that
100%
the
100%
there
100%
there,
100%
to
100%
Today's
100%
took
100%
understand
100%
understand,
100%
who
100%
won't,
100%
You
100%
you
100%
you?
100%
your
100%
You're
100%
you're
100%
2 A.M.,
80%
always
80%
around,
80%
but
80%
But
80%
by
80%
deck
80%
didn't
80%
even
80%
excuses
80%
halfway
80%
hands
80%
hopeful
80%
late
80%
legged
80%
mind
80%
okay
80%
put
80%
realiise
80%
said
80%
up
80%
Waiting
80%
would
80%
wouldn't
80%
you'd
80%
you'll
80%
be
60%
could
60%
crossed
60%
ever
60%
first
60%
fool
60%
into
60%
listened
60%
once,
60%
pretend
60%
Sat
60%
say
60%
songs
60%
tape
60%
them
60%
think
60%
held
40%
inside
40%
suprised
40%
Waited
40%
words
40%
No matching quizzes found
Score Distribution
Percent of People with Each Score
Percentile by Number Answered
Your Score History
You have not taken this quiz